000 00272nam a2200121Ia 4500
008 190216s9999||||xx |||||||||||||| ||und||
100 _aBhaskaran P
245 0 _aNjattuvela Pookal
260 _bCurrent Books
_c1959
300 _a27p
650 _aKavithkal
942 _cBK
999 _c23613
_d23613